000 00274nam a22001217a 4500
999 _c64732
_d64729
082 _aSYE
100 _aSyed Kashif
245 _aCorporate governance in Pakistan
260 _aIslamabad
_bHEC
_c2018
300 _a129
500 _aDonated by Dr Assadullah Qazi
942 _cBK